الإحصائيات لـ الرياضيات السريعة - الجذور المربعة

أنقر هنا لكي تخضع للإختبار!

الإحصائيات العامة

  • هذا الإختبار تم الخضوع له 109 مره
  • الدرجة المتوسطة هي 10 من 20

إحصائيات الإجابة

مشكلةإجابة% صحيح
40020
100%
93
100%
164
100%
497
100%
648
100%
11
92%
12111
90%
14412
90%
42
90%
10010
89%
255
88%
366
86%
819
80%
16913
78%
25616
75%
360060
73%
160040
70%
28917
67%
52923
67%
90030
67%
250050
63%
22515
60%
211646
57%
36119
56%
44121
50%
72927
50%
19614
44%
62525
43%
32418
38%
184943
38%
78428
36%
108933
33%
96131
30%
129636
30%
152139
30%
336458
30%
102432
29%
144438
29%
168141
29%
202545
29%
122535
27%
57624
25%
67626
25%
115634
20%
176442
20%
270452
20%
240149
18%
84129
17%
220947
17%
302555
17%
348159
17%
193644
14%
136937
11%
260151
11%
291654
10%
230448
9%
280953
9%
48422
0%
313656
0%
324957
0%

توزيع النقاط

النسبة وفقا للأرقام

نسبة الأشخاص لكل درجة

سجل النقاط الخاصة بك

لم تضخع لهذا الإختبار